书目信息 |
| 题名: |
中国指导案例、参考案例判旨总提炼
|
|
| 作者: | 胡凤滨 主编 | |
| 分册: | 知识产权纠纷 | |
| 出版信息: | 北京 法律出版社 2012.03 |
|
| 页数: | 41,824页 | |
| 开本: | 23cm | |
| 丛书名: | 中国指导案例、参考案例判旨总提炼丛书 | |
| 单 册: | ||
| 中图分类: | D920.5 , D923.405 | |
| 科图分类: | ||
| 主题词: | 案例--中国--现代--汇编 , 知识产权--民事纠纷--案例--中国 , 案例 , 知识产权 , 民事纠纷 | |
| 电子资源: | ||
| ISBN: | 978-7-5118-3022-7 | |
| 000 | 01139oam2 2200313 450 | |
| 001 | 005423678 | |
| 005 | 20130628105038.70 | |
| 010 | @a978-7-5118-3022-7@dCNY135.00 | |
| 100 | @a20120529d2012 em y0chiy0110 ea | |
| 101 | 0 | @achi |
| 102 | @aCN@b110000 | |
| 105 | @ay zn 000yy | |
| 106 | @ar | |
| 200 | 1 | @a中国指导案例、参考案例判旨总提炼@9zhong guo zhi dao an li、can kao an li pan zhi zong ti lian@i知识产权纠纷@f胡凤滨主编@g《中国指导案例》编委会编 |
| 210 | @a北京@c法律出版社@d2012.03 | |
| 215 | @a41,824页@d23cm@e1光盘 | |
| 225 | 1 | @a中国指导案例、参考案例判旨总提炼丛书@v13 |
| 307 | @a附光盘:ISBN 978-7-900793-01-0 | |
| 330 | @a本书收录整理了两高公报关于专利权纠纷、商标权纠纷、著作权纠纷、软件著作权纠纷、网络与电子商务、不正当竞争和其他纠纷的司法审判案例及全国各地法院审理的相关指导性案例。 | |
| 606 | 0 | @a案例@y中国@z现代@j汇编 |
| 606 | 0 | @a知识产权@x民事纠纷@x案例@y中国 |
| 606 | 0 | @a案例 |
| 606 | 0 | @a知识产权 |
| 606 | 0 | @a民事纠纷 |
| 690 | @aD920.5@v5 | |
| 690 | @aD923.405@v5 | |
| 701 | 0 | @a胡凤滨@9hu feng bin@f(1956~)@4主编 |
| 801 | 0 | @aCN@bNLC@c20121016 |
| 905 | @b546019-21@dD920.5@e1037:5@f3 | |
| 中国指导案例、参考案例判旨总提炼.知识产权纠纷/胡凤滨主编/《中国指导案例》编委会编.-北京:法律出版社,2012.03 |
| 41,824页;23cm+1光盘.-(中国指导案例、参考案例判旨总提炼丛书;13) |
| ISBN 978-7-5118-3022-7:CNY135.00 |
| 本书收录整理了两高公报关于专利权纠纷、商标权纠纷、著作权纠纷、软件著作权纠纷、网络与电子商务、不正当竞争和其他纠纷的司法审判案例及全国各地法院审理的相关指导性案例。 |
| ● |
| 相关链接 |
|
|
|
|
正题名:中国指导案例、参考案例判旨总提炼
索取号:D920.5/1037:5
 
预约/预借
| 序号 | 登录号 | 条形码 | 馆藏地/架位号 | 状态 | 备注 |
| 1 | 546019 | 205460197 | 第一样本阅览室/ [索取号:D920.5/1037:5] | 在馆 | |
| 2 | 546020 | 205460204 | 第一借阅区/ [索取号:D920.5/1037:5] | 在馆 | |
| 3 | 546021 | 205460213 | 史法系资料室/ [索取号:D920.5/1037:5] | 在馆 |